A History of Adivasi Women in Post-independence Eastern India: (Record no. 190606)

MARC details
000 -LEADER
fixed length control field 00665nam a22001937a 4500
005 - DATE AND TIME OF LATEST TRANSACTION
control field 20220729124101.0
010 ## - LCCN (DPL NO)
LC control number ENG-134095
020 ## - INTERNATIONAL STANDARD BOOK NUMBER
International Standard Book Number 9789381345382
Terms of availability 995.00
035 ## - SYSTEM CONTROL NUMBER
System control number EN-117627
037 ## - SOURCE OF ACQUISITION
Source of stock number/acquisition DBAB/PUB
082 ## - DEWEY DECIMAL CLASSIFICATION NUMBER
Classification number 954.09
100 ## - MAIN ENTRY--PERSONAL NAME
Personal name De, Debasree
245 ## - TITLE STATEMENT
Title A History of Adivasi Women in Post-independence Eastern India:
Remainder of title The Margins of the Marginals/
Statement of responsibility, etc Debasree De
260 ## - PUBLICATION, DISTRIBUTION, ETC. (IMPRINT)
Place of publication, distribution, etc New Delhi
Name of publisher, distributor, etc Sage Publications India Pvt. Ltd
Date of publication, distribution, etc 2018
270 ## - ADDRESS
Address BI/I-1, Mohan Cooperative Industrial Area Mathura Road
City New Delhi
Postal code 110044
300 ## - PHYSICAL DESCRIPTION
Extent xliv, 293p.
Other physical details Index
Dimensions 22cm(hb)
700 ## - ADDED ENTRY--PERSONAL NAME
Personal name De, Debasree
942 ## - ADDED ENTRY ELEMENTS (KOHA)
Source of classification or shelving scheme Dewey Decimal Classification
Item type English Books
Classification part 954.09
Call number suffix DEB
Holdings
Withdrawn status Lost status Not for loan Collection code Home library Current library Date acquired Source of acquisition Cost, normal purchase price Full call number Barcode Copy number Cost, replacement price Koha item type
      Non-fiction Bawana Bawana 29/07/2022 DBAD/PUB 995.00 954.09 DEB EN-117627 1 995.00 English Books

© Delhi Public Library
Hit Counter
free hit counter